[Event "DVM u16 2005"]
[Site "Berlin"]
[Date "2005.12.30"]
[Round "7.1"]
[White "Rosner, Jonas"]
[Black "Kanevski, Vladyslav"]
[Result "1-0"]
[WhiteElo "1853"]
[BlackElo "1728"]
[PlyCount "97"]
[EventDate "2000.??.??"]

1. e4 c5 2. Nf3 e6 3. d3 Nc6 4. g3 Nf6 5. Bg2 Be7 6. O-O O-O 7. c3 d6 8. Re1
Qc7 9. d4 cxd4 10. cxd4 b6 11. Nc3 Bb7 12. Bf4 a6 13. d5 exd5 14. Nxd5 Nxd5 15.
Qxd5 Ne5 16. Qd2 Bf6 17. Rac1 Qe7 18. Nd4 g6 19. Ne2 Rac8 20. Nc3 Rfe8 21. b3
Qd7 22. Red1 Rcd8 23. Nd5 Bxd5 24. Qxd5 Re7 25. Be3 Qb7 26. Qxb7 Rxb7 27. f4
Ng4 28. Bd4 Bxd4+ 29. Rxd4 Rbd7 30. Rc6 a5 31. Bf3 Nf6 32. Rxb6 Ne8 33. Ra6 f5
34. exf5 gxf5 35. Rxa5 Ng7 36. Ra8 Kf7 37. Kf2 Ke7 38. Rxd8 Rxd8 39. Bd5 Ne8
40. a4 Nf6 41. b4 Rc8 42. a5 Rc2+ 43. Ke3 Rc3+ 44. Kd2 Ra3 45. Bc6 Ng4 46. Rd3
Ra2+ 47. Kc3 h5 48. Kb3 Ra1 49. Kb2 1-0

[Event "DVM u16 2005"]
[Site "Berlin"]
[Date "2005.12.30"]
[Round "7.2"]
[White "Steinbach, Ulrich"]
[Black "Weber, Raphael"]
[Result "0-1"]
[WhiteElo "1673"]
[BlackElo "1635"]
[PlyCount "56"]
[EventDate "2000.??.??"]

1. e4 e5 2. Nf3 Nc6 3. Nc3 Nf6 4. g3 Bc5 5. Bg2 d6 6. d3 a6 7. O-O Be6 8. Be3
Bxe3 9. fxe3 Qd7 10. Qe2 O-O 11. Rad1 Rfe8 12. d4 Bg4 13. Qc4 Rad8 14. Qb3 Rb8
15. Rd2 exd4 16. Nxd4 Na5 17. Qb4 b6 18. Nd5 Nxe4 19. Rd3 c5 20. Nxb6 cxb4 21.
Nxd7 Bxd7 22. Rf4 Nc5 23. Rd2 Ne6 24. Rf5 Nc4 25. Rdf2 Nxd4 26. Rxf7 Be6 27.
Rc7 Nxe3 28. Bh3 Rf8 0-1

[Event "DVM u16 2005"]
[Site "Berlin"]
[Date "2005.12.30"]
[Round "7.3"]
[White "Volz, Daniel"]
[Black "Khorolinsky, Juliyan"]
[Result "0-1"]
[WhiteElo "1428"]
[BlackElo "1677"]
[PlyCount "72"]
[EventDate "2000.??.??"]

1. e4 e5 2. Nf3 Nc6 3. Bc4 Nf6 4. d4 exd4 5. Ng5 d5 6. exd5 Ne5 7. Qxd4 Bd6 8.
O-O O-O 9. Nc3 Nfg4 10. Bf4 Qf6 11. Bxe5 Bxe5 12. Qd2 Bf5 13. Nxh7 Bxh2+ 14.
Kh1 Qh4 15. Qg5 Qxh7 16. Bd3 Qh8 17. g3 Qh3 18. Qh4 Qxh4 19. gxh4 Be5 20. Rae1
Bd7 21. Nd1 Rae8 22. b3 Bd4 23. Rxe8 Rxe8 24. c3 Bf6 25. h5 Ne5 26. Bc2 Bg4 27.
h6 gxh6 28. Rg1 Bg5 29. c4 Bf3+ 30. Kh2 Kg7 31. Ne3 Kf6 32. Bb1 h5 33. a3 Rh8
34. Bc2 h4 35. Nf1 h3 36. Ng3 Ng4# 0-1

[Event "DVM u16 2005"]
[Site "Berlin"]
[Date "2005.12.30"]
[Round "7.1"]
[White "Berwanger, Tobias"]
[Black "Gebhardt, Martin"]
[Result "1/2-1/2"]
[WhiteElo "1594"]
[BlackElo "1746"]
[PlyCount "28"]
[EventDate "2000.??.??"]

1. c4 Nf6 2. Nc3 e6 3. g3 Bb4 4. Bg2 O-O 5. Nf3 d5 6. cxd5 exd5 7. d4 c6 8. O-O
Re8 9. e3 Nbd7 10. Bd2 Nf8 11. Rc1 a5 12. a3 {(=)} Bd6 13. Na4 Ne4 14. Nc5 Bxc5
1/2-1/2

[Event "DVM u16 2005"]
[Site "Berlin"]
[Date "2005.12.30"]
[Round "7.2"]
[White "Nißler, Daniel"]
[Black "Straßer, Manuel"]
[Result "1-0"]
[WhiteElo "1771"]
[BlackElo "1485"]
[PlyCount "67"]
[EventDate "2000.??.??"]

1. e4 c5 2. Nc3 Nc6 3. g3 d6 4. Bg2 Nf6 5. d3 e6 6. Nf3 Be7 7. O-O O-O 8. Bf4
Nh5 9. Bd2 Rb8 10. h4 b5 11. e5 dxe5 12. Nh2 Bd7 13. Qxh5 Nd4 14. Rac1 b4 15.
Ne4 f5 16. Ng5 h6 17. Nh3 Rf6 18. c3 Be8 19. Qd1 bxc3 20. bxc3 Nc6 21. Rb1 Rg6
22. Rxb8 Nxb8 23. Nf3 Nc6 24. Qe2 Bd7 25. h5 Rf6 26. Nxe5 Nxe5 27. Qxe5 Be8 28.
Bf4 Qxd3 29. Qc7 Rf7 30. Qc8 Rf8 31. Qxe6+ Rf7 32. Bd5 Kf8 33. Bd6 Qxc3 34.
Bxe7+ 1-0

[Event "DVM u16 2005"]
[Site "Berlin"]
[Date "2005.12.30"]
[Round "7.3"]
[White "Krmpotic, Manuel"]
[Black "Nißler, Robert"]
[Result "1/2-1/2"]
[WhiteElo "1476"]
[BlackElo "1401"]
[PlyCount "60"]
[EventDate "2000.??.??"]

1. d4 Nf6 2. c4 e6 3. Nc3 Bb4 4. Bg5 h6 5. Bh4 b6 6. e3 Bb7 7. Nf3 O-O 8. Be2
d5 9. O-O Nbd7 10. Ne5 Be7 11. Nxd7 Qxd7 12. cxd5 exd5 13. Rc1 c5 14. dxc5 bxc5
15. b3 Rac8 16. Bxf6 gxf6 17. Bh5 f5 18. f3 f6 19. g4 Kh8 20. gxf5 Rg8+ 21. Kf2
Qd6 22. Rh1 d4 23. exd4 cxd4 24. Ne4 Bxe4 25. Qd2 Kh7 26. Rxc8 Rxc8 27. fxe4 d3
28. Bd1 Qd4+ 29. Kf3 Bc5 30. Rf1 Re8 1/2-1/2

[Event "DVM u16 2005"]
[Site "Berlin"]
[Date "2005.12.30"]
[Round "7.4"]
[White "Senf, Carsten"]
[Black "Danes, Patrick"]
[Result "1-0"]
[WhiteElo "1531"]
[BlackElo "1129"]
[PlyCount "83"]
[EventDate "2000.??.??"]

1. e4 e6 2. d4 d5 3. Nc3 Nf6 4. Bg5 Be7 5. e5 Nfd7 6. Bxe7 Qxe7 7. f4 Nc6 8.
Nf3 b6 9. Bd3 Bb7 10. a3 O-O 11. Bxh7+ Kh8 12. Bd3 f6 13. Nh4 Kg8 14. Ng6 Qe8
15. Nxf8 Kxf8 16. Bb5 Qg6 17. Bxc6 Bxc6 18. Qe2 Bb7 19. O-O-O c5 20. g3 Ke7 21.
Qd3 Qh6 22. Kb1 c4 23. Qe2 Qg6 24. Nb5 a6 25. Nd6 Bc6 26. Qf3 Ba4 27. Qc3 Nb8
28. Rd2 Nc6 29. Kc1 Na5 30. Qb4 Bb3 31. Nxc4+ Kf7 32. Nxa5 Bxc2 33. Rxc2 b5 34.
Qd6 Qf5 35. Qd7+ Kg6 36. Rc7 Rg8 37. Qf7+ Kh7 38. Qxf6 Qg4 39. Qh4+ Qxh4 40.
gxh4 Rf8 41. Rf1 Kh6 42. Re7 1-0